000 01664nam a2200409 c 4500
999 _c181448
_d181448
003 BLK
005 20240427142310.0
008 180411b bul|||||r ||||||| ||bul||
010 _aKNG00190351000
020 _a978-619-151-127-3
040 _aBLK
041 _aENG
_cENG
072 7 _2bullib
_aН86
_xДетска отраслова литература Н
080 _aАнглийски език - учебни предмети
_b373.3.016:811.111
_z373.3.016:811.111
100 _aБлагоева, Румяна Любомирова
_9370848
139 _aБлагоева, Румяна Любомирова
_bБ 47
245 1 0 _aДа научим повече английски
_bМy Home and My Family / Моят дом и моето семейство
_cРумяна Любомирова Благоева; ил. Владимир Иванов Благоев.
257 _aBGR
260 _bСофтПрес
_c2013
_fСофия : Фолиарт
300 _a16 с.
_bс цв. ил.
_c28 см
380 _aDN
500 _aОтговори: с. 16.
650 4 _aАнглийски език - за деца
_9241530
653 _aанглийски език
653 _aкниги-игри
653 _aлитература за деца
653 _aдетска литература
659 _aН
700 1 _aБлагоев, Владимир Иванов
_eил.
_9366260
852 _aЦб ІІ 21497
856 4 _qpdf
856 4 _qpdf
942 _cKNG
_n0
_s1
_01
944 _aCR
_c14.09.2016
_lГрета Цуфелде
_k30537
944 _aED
_c21.02.2017
_lф /
_kЛюдмила_Стоянова
999 _d181448